000 00603cab a2200217 4500
001 ABS38938
008 090401t1988 xxu||||| |||| 00| 0 eng d
035 _a(Sirsi) u13433
041 _aeng
100 _aBond, R.
245 _aHeartlands surgery
260 _c1988
350 _a0
490 _aSurveyor
_v169(4987) 24 March 1988, 16-18(3)
520 _aDescribes proposals by Birmingham `s urban development agency to redevelop the Aston and Nechells area.
650 _aINNER CITIES
650 _aURBAN RENEWAL
690 _aPLANNING LAW AND PRACTICE
942 _n0
948 _c04/03/1997
999 _c8661
_d8661